| 000 | 01246nam a2200265 i 4500 | ||
|---|---|---|---|
| 001 | 70702 | ||
| 003 | ES-MaACL | ||
| 005 | 20260210161949.0 | ||
| 007 | t| | ||
| 008 | 040802m19541972sp ||||1| spa d | ||
| 100 | 1 |
_aLeón Garré, Aniceto. _955644 |
|
| 245 | 1 | 0 |
_aManual de agricultura / _cpor Aniceto León Garre. |
| 250 | _a[1ª ed.]. | ||
| 260 |
_aBarcelona, etc. : _bSalvat, _c1954-72 ( _fImp. Hispano-Americana) |
||
| 300 |
_a3 t. : _bil. ; _c22 cm. |
||
| 490 | 1 | _aColección agrícola Salvat | |
| 505 | 8 | _aContiene: t. 3. Técnica de la producción vegetal e industrias fitogenas: herbicultura (XVI, p. 1103-2118) -- t. 4. Técnica de la producción vegetal e industrias fitógenas: arboricultura (p. 2119- 3029, lám. LVII-LXXXI) -- t. 5. Técnica de la producción animal é industrias zoogenas (XIX, P. 3053-4284) | |
| 650 | 0 | 7 |
_aAgricultura _2embne _99670 |
| 740 | 0 | _aTécnica de la producción vegetal e industrias fitógenas : herbicultura. | |
| 740 | 0 | _aTécnica de la producción vegetal e industrias fitógenas : arboricultura. | |
| 740 | 0 | _aTécnica de la producción vegetal e industrias zoogenas. | |
| 830 | 0 |
_aColección agrícola Salvat _9181203 |
|
| 852 |
_aES-MaACL _jP-279 |
||
| 999 |
_c70702 _d70702 |
||